[Event "Titled Tue 26th Aug Early"]
[Site "chess.com INT"]
[Date "2025.08.26"]
[Round "3"]
[White "Csonka, Balazs"]
[Black "Liang, Awonder"]
[Result "0-1"]
[WhiteTitle "IM"]
[BlackTitle "GM"]
[WhiteElo "2467"]
[BlackElo "2696"]
[WhiteFideId "742910"]
[BlackFideId "2056437"]
[EventDate "2025.08.26"]

1. d4 b6 2. e4 Bb7 3. Bd3 e6 4. Nf3 d6 5. O-O Nd7 6. c4 h6 7. Nc3 g5 8. d5 e5 9.
Be3 Bg7 10. b4 Bc8 11. Nd2 h5 12. Nb3 Nh6 13. c5 bxc5 14. bxc5 Ng4 15. Bc1 f5
16. f3 Nxh2 17. Kxh2 g4 18. Rh1 Nf6 19. Kg1 f4 20. Ba3 h4 21. Rc1 a6 22. Kf2 h3
23. gxh3 g3+ 24. Ke2 Bxh3 25. Qg1 Kf7 26. cxd6 cxd6 27. Na4 Ng4 28. fxg4 Bxg4+
29. Kd2 Rxh1 30. Qxh1 f3 31. Rg1 Qg5+ 32. Kc2 Rh8 33. Qxh8 Bxh8 34. Rxg3 Qh4 35.
Rxg4 Qxg4 36. Bxd6 Qd7 37. Nb6 Qxd6 38. Nc4 Qg6 39. Nbd2 f2 40. Ne3 Bf6 41. Nf5
Bg5 42. Nf3 Bf4 43. d6 Qe6 44. Kc3 Qc8+ 45. Bc4+ Kf6 46. Kb3 Qb7+ 47. Kc3 Qxe4 0-1

[Event "Titled Tue 26th Aug Early"]
[Site "chess.com INT"]
[Date "2025.08.26"]
[Round "3"]
[White "Materia, Marco"]
[Black "Kavyev, Ruslan"]
[Result "0-1"]
[WhiteTitle "IM"]
[BlackTitle "FM"]
[WhiteElo "2500"]
[BlackElo "2179"]
[WhiteFideId "45150451"]
[BlackFideId "34110981"]
[EventDate "2025.08.26"]

1. Nf3 Nf6 2. c4 g6 3. Nc3 Bg7 4. d4 O-O 5. Bg5 c5 6. d5 b5 7. Nxb5 Ne4 8. Qc2
Nxg5 9. Nxg5 e6 10. Nf3 exd5 11. cxd5 Qa5+ 12. Nc3 Na6 13. Nd2 Nb4 14. Qc1 Ba6
15. e3 Bd3 16. Nb3 Qb6 17. Kd1 c4 18. Nd2 Rfc8 19. Nf3 Bxf1 20. Rxf1 Nd3 21. Qc2
Nxb2+ 22. Ke2 Qb4 23. Ne4 c3 24. Ng3 Qc4+ 25. Ke1 Nd3+ 26. Kd1 Nb4 27. Qb3 c2+
28. Kd2 Bc3+ 29. Kc1 Qxb3 30. axb3 Bxa1 31. Ne2 Na2+ 32. Kd2 Bb2 33. Re1 c1=Q+
34. Nxc1 Nxc1 35. Rd1 Nxb3+ 36. Kd3 a5 37. Rb1 Nc1+ 38. Kd2 Rab8 39. Ne1 Na2 40.
Nd3 Bg7 41. Rd1 a4 42. e4 a3 43. e5 Nc3 44. Rb1 Nxb1+ 45. Ke3 a2 0-1

[Event "Titled Tue 26th Aug Early"]
[Site "chess.com INT"]
[Date "2025.08.26"]
[Round "3"]
[White "Srihari, L R"]
[Black "Megalios, Konstantinos"]
[Result "1-0"]
[WhiteTitle "GM"]
[BlackTitle "IM"]
[WhiteElo "2482"]
[BlackElo "2383"]
[WhiteFideId "46617116"]
[BlackFideId "4238044"]
[EventDate "2025.08.26"]

1. e3 g6 2. d4 Bg7 3. Nf3 Nf6 4. Nbd2 O-O 5. b4 d6 6. Bb2 c5 7. a3 cxd4 8. Nxd4
e5 9. N4f3 Qe7 10. Be2 Rd8 11. c4 b6 12. O-O Bb7 13. Rc1 Nbd7 14. Qb3 Rac8 15.
Rfd1 h6 16. h3 Nf8 17. Nb1 Ne4 18. Nfd2 Nxd2 19. Rxd2 Qg5 20. Bf1 Nd7 21. Rxd6
Nf6 22. c5 Bd5 23. Rxd8+ Rxd8 24. Qa4 bxc5 25. bxc5 Ne4 26. Nc3 Nxc5 27. Qxa7
Nb3 28. Rd1 Be6 29. Ne4 Rxd1 30. Nxg5 hxg5 31. Qb8+ Kh7 32. Bc3 Bc4 33. Kh2 Rxf1
34. Bxe5 Bxe5+ 35. Qxe5 Rxf2 36. Qxg5 Be6 37. Qh4+ 1-0

[Event "Titled Tue 26th Aug Early"]
[Site "chess.com INT"]
[Date "2025.08.26"]
[Round "3"]
[White "Karunasena, A P Chenitha Sihas Dinsara"]
[Black "Imomkuzieva, Nilufarkhon"]
[Result "0-1"]
[WhiteTitle "CM"]
[BlackTitle "WFM"]
[WhiteElo "2026"]
[BlackElo "2105"]
[WhiteFideId "29982596"]
[BlackFideId "14216736"]
[EventDate "2025.08.26"]

1. e4 e5 2. Nf3 Nc6 3. Bc4 Bc5 4. d3 Nf6 5. c3 d6 6. Bb3 a5 7. Nbd2 Be6 8. Bc2
d5 9. Qe2 O-O 10. Nf1 d4 11. Ng3 b5 12. O-O Re8 13. h3 dxc3 14. bxc3 b4 15. c4
Nd4 16. Nxd4 Bxd4 17. Rb1 Nd7 18. Kh2 Nc5 19. f4 exf4 20. Bxf4 f5 21. exf5 Bxc4
22. Qf3 Bd5 23. Ne4 Bxa2 24. Rbe1 Nxe4 25. dxe4 Be5 26. Bxe5 Rxe5 27. Rd1 Qf6
28. Rd7 Re7 29. Rdd1 Qe5+ 30. Kh1 a4 31. Bd3 Bf7 32. Qf2 a3 33. Rc1 a2 34. f6
gxf6 35. Qe1 b3 36. Rf5 Qxf5 0-1

[Event "Titled Tue 26th Aug Early"]
[Site "chess.com INT"]
[Date "2025.08.26"]
[Round "3"]
[White "Gallasch, Jonas"]
[Black "Gustafsson, Jan"]
[Result "1/2-1/2"]
[WhiteTitle "FM"]
[BlackTitle "GM"]
[WhiteElo "2304"]
[BlackElo "2591"]
[WhiteFideId "16222474"]
[BlackFideId "4625498"]
[EventDate "2025.08.26"]

1. d4 d5 2. c4 c5 3. cxd5 Qxd5 4. Nf3 cxd4 5. Nc3 Qa5 6. Nxd4 Nf6 7. e3 e5 8.
Bb5+ Bd7 9. Bxd7+ Nbxd7 10. Nf5 e4 11. Nd6+ Bxd6 12. Qxd6 Ne5 13. O-O Rd8 14.
Qa3 Qxa3 15. bxa3 Ke7 16. Rb1 Rd7 17. a4 Nc4 18. Nb5 Nd5 19. Na3 Nc3 20. Rb4 Nd2
21. Bxd2 Rxd2 22. Rxb7+ Ke6 23. Nb5 Nxb5 24. axb5 Rxa2 25. Rc1 Rc8 26. Rf1 Rcc2
27. h3 Rcb2 28. Rc1 Rxf2 29. Rc6+ Ke5 30. Re7+ Kd5 31. Rd7+ Ke5 32. Re7+ Kd5 33.
Rd7+ Ke5 34. Re7+ 1/2-1/2

[Event "Titled Tue 26th Aug Early"]
[Site "chess.com INT"]
[Date "2025.08.26"]
[Round "3"]
[White "Waldhausen Gordon, Frederick"]
[Black "Drygalov, Sergey"]
[Result "1-0"]
[WhiteTitle "FM"]
[BlackTitle "GM"]
[WhiteElo "2393"]
[BlackElo "2560"]
[WhiteFideId "2409143"]
[BlackFideId "24171743"]
[EventDate "2025.08.26"]

1. Nf3 Nf6 2. c4 c5 3. g3 g6 4. Bg2 Bg7 5. O-O O-O 6. Nc3 Nc6 7. d4 d6 8. d5 Na5
9. Nd2 a6 10. Qc2 Rb8 11. b3 b5 12. Bb2 Ng4 13. Rab1 bxc4 14. bxc4 Ne5 15. Nd1
Bd7 16. Ne3 Qc7 17. Bc3 h5 18. h3 Rb4 19. Bxb4 cxb4 20. Rxb4 Qc5 21. Rfb1 Bh6
22. Ne4 Qd4 23. c5 Bxe3 24. Rxd4 Bxd4 25. c6 Bf5 26. e3 Ba7 27. Rb7 Nxb7 28.
cxb7 Rb8 29. Qc7 Kf8 30. Nxd6 exd6 31. Qxd6+ Kg8 32. Qxe5 Rxb7 33. d6 Rb1+ 34.
Kh2 Rb5 35. Qe8+ Kg7 36. d7 Bb6 37. d8=Q Bxd8 38. Qxd8 Be6 39. Qd4+ Kg8 40. a4
Rb1 41. Bd5 Bxd5 42. Qxd5 Rb2 43. Kg2 1-0

[Event "Titled Tue 26th Aug Early"]
[Site "chess.com INT"]
[Date "2025.08.26"]
[Round "3"]
[White "Marcziter, Dmitrii"]
[Black "Krysa, Leandro"]
[Result "0-1"]
[WhiteTitle "FM"]
[BlackTitle "GM"]
[WhiteElo "2188"]
[BlackElo "2468"]
[WhiteFideId "13900765"]
[BlackFideId "116807"]
[EventDate "2025.08.26"]

1. e4 c5 2. Nf3 Nc6 3. Bb5 d6 4. Bxc6+ bxc6 5. h3 Nf6 6. d3 g6 7. O-O Bg7 8. Re1
e5 9. Nc3 O-O 10. Be3 h6 11. Qd2 Kh7 12. Nh2 Nd7 13. f4 exf4 14. Bxf4 Ne5 15.
Rf1 Be6 16. Nf3 c4 17. d4 Nxf3+ 18. Rxf3 Qb6 19. Be3 Qxb2 20. Rb1 Qa3 21. Rb7
Qa6 22. Re7 Qa5 23. Rf4 h5 24. Rf3 Rab8 25. Bf2 Rb2 26. d5 cxd5 27. exd5 Bf5 28.
Rxa7 Qb4 29. Ra4 Qb8 30. Rxc4 Rxc2 31. Qg5 Qb2 32. Rxf5 Qc1+ 33. Kh2 gxf5 34.
Qxf5+ Kg8 35. Bd4 Bxd4 36. Rxd4 Rxc3 37. Qxh5 Rfc8 38. Rg4+ Kf8 39. Qh6+ Qxh6 0-1

[Event "Titled Tue 26th Aug Early"]
[Site "chess.com INT"]
[Date "2025.08.26"]
[Round "3"]
[White "Szpar, Milosz"]
[Black "Aarav Sarbalia"]
[Result "1-0"]
[WhiteTitle "GM"]
[BlackTitle "FM"]
[WhiteElo "2490"]
[BlackElo "2232"]
[WhiteFideId "1184989"]
[BlackFideId "33382859"]
[EventDate "2025.08.26"]

1. e4 e5 2. Nf3 Nc6 3. Bb5 Nf6 4. Nc3 Bc5 5. O-O d6 6. d4 exd4 7. Nxd4 Bd7 8.
Nxc6 bxc6 9. Bd3 O-O 10. Na4 Bb6 11. b3 Re8 12. Re1 Ng4 13. Nxb6 axb6 14. Qf3
Ne5 15. Qf4 Nxd3 16. cxd3 f6 17. Bb2 c5 18. h4 Bb5 19. Re3 d5 20. h5 dxe4 21.
Rg3 Qd6 22. Qg4 Qd7 23. Qh4 exd3 24. h6 Re7 25. Bxf6 d2 26. Bxe7 d1=Q+ 27. Rxd1
Qxd1+ 28. Kh2 1-0

[Event "Titled Tue 26th Aug Early"]
[Site "chess.com INT"]
[Date "2025.08.26"]
[Round "3"]
[White "Sailer, Mike"]
[Black "Manukian, Artak"]
[Result "1-0"]
[WhiteElo "2108"]
[BlackElo "2104"]
[WhiteFideId "2012901"]
[BlackFideId "13301373"]
[EventDate "2025.08.26"]

1. d4 d6 2. Nf3 Nd7 3. Bf4 g6 4. e3 Bg7 5. Be2 Ngf6 6. h3 O-O 7. O-O c5 8. c4
Qb6 9. Qb3 Ne4 10. Nc3 Ndf6 11. Rfd1 Qxb3 12. axb3 Nxc3 13. bxc3 Ne4 14. Rdc1 a6
15. Kf1 h5 16. Ke1 Bf5 17. Nd2 Nxd2 18. Kxd2 Be4 19. f3 Bc6 20. Ra2 Rad8 21. d5
Bd7 22. Bd3 h4 23. Rb1 e5 24. Bg5 Rde8 25. Bxh4 f5 26. Be2 Bh6 27. Kd3 e4+ 28.
fxe4 Rxe4 29. Bf2 Rfe8 30. Bf3 Rxe3+ 31. Bxe3 Rxe3+ 32. Kc2 Bg7 33. Kd1 Rxc3 34.
Re2 f4 35. Re7 Bf5 36. Rb2 Rd3+ 37. Rd2 Rxb3 38. Bg4 Bxg4+ 39. hxg4 Be5 40. Rxe5
dxe5 41. d6 f3 42. d7 1-0

[Event "Titled Tue 26th Aug Early"]
[Site "chess.com INT"]
[Date "2025.08.26"]
[Round "3"]
[White "Perossa, Nicolas"]
[Black "Durarbayli, Vasif"]
[Result "0-1"]
[WhiteTitle "FM"]
[BlackTitle "GM"]
[WhiteElo "2284"]
[BlackElo "2612"]
[WhiteFideId "2850520"]
[BlackFideId "13402935"]
[EventDate "2025.08.26"]

1. e4 c5 2. d4 cxd4 3. Qxd4 d6 4. Nc3 Nf6 5. Nf3 e6 6. Bg5 Nc6 7. Qd3 Be7 8.
O-O-O O-O 9. Bf4 Ng4 10. Qe2 Qb6 11. h3 Nxf2 12. Be3 Nxd1 13. Bxb6 Nxc3 14. bxc3
axb6 15. Kb1 Bf6 16. Qd2 d5 17. exd5 exd5 18. Nd4 Bd7 19. Nb5 Rfc8 20. Nd6 Rc7
21. Nb5 Rcc8 22. Bd3 Na5 23. Rf1 Nc4 24. Bxc4 Rxc4 25. Qxd5 Be6 26. Qxb7 Rca4
27. g4 Rxa2 28. Rxf6 Ra1+ 29. Kb2 R8a2# 0-1

[Event "Titled Tue 26th Aug Early"]
[Site "chess.com INT"]
[Date "2025.08.26"]
[Round "3"]
[White "Alonso Rosell, Alvar"]
[Black "Erigaisi, Arjun"]
[Result "0-1"]
[WhiteTitle "GM"]
[BlackTitle "GM"]
[WhiteElo "2536"]
[BlackElo "2776"]
[WhiteFideId "2270544"]
[BlackFideId "35009192"]
[EventDate "2025.08.26"]

1. d4 b6 2. e4 Bb7 3. Nd2 e6 4. Ngf3 Nf6 5. Bd3 d5 6. e5 Nfd7 7. h4 h6 8. h5 c5
9. c3 Be7 10. Rh3 Ba6 11. Bxa6 Nxa6 12. Rg3 Bf8 13. a3 Qc7 14. Qe2 Qb7 15. Nh2
b5 16. f4 cxd4 17. cxd4 Rc8 18. Ndf1 Nab8 19. Nf3 Nc6 20. Ne3 Na5 21. Bd2 Nc4
22. Bb4 a5 23. Bxf8 Kxf8 24. f5 Qa6 25. Nh4 Rg8 26. Kf2 Qb6 27. Rd1 Ke7 28. fxe6
fxe6 29. Nhf5+ Kd8 30. Nxc4 Rxc4 31. Nd6 Rxd4 32. Kf1 Rxd1+ 33. Qxd1 Nxe5 34.
Ne4 Rf8+ 35. Ke2 Rf4 36. Re3 Nc4 0-1

[Event "Titled Tue 26th Aug Early"]
[Site "chess.com INT"]
[Date "2025.08.26"]
[Round "3"]
[White "Apoorv Kamble"]
[Black "Dessyn, Timothee"]
[Result "1/2-1/2"]
[WhiteTitle "FM"]
[BlackTitle "FM"]
[WhiteElo "2365"]
[BlackElo "2334"]
[WhiteFideId "25683012"]
[BlackFideId "651028859"]
[EventDate "2025.08.26"]

1. e4 c5 2. Nf3 g6 3. d4 cxd4 4. Nxd4 Nc6 5. c4 Nf6 6. Nc3 d6 7. Be2 Nxd4 8.
Qxd4 Bg7 9. Be3 O-O 10. Qd2 a5 11. O-O a4 12. Rad1 Qa5 13. Bd4 Be6 14. f4 Rfc8
15. b3 axb3 16. axb3 b5 17. f5 Bd7 18. Bxf6 Bxf6 19. Nd5 Kg7 20. Qxa5 Rxa5 21.
fxg6 hxg6 22. b4 Ra2 23. Nb6 Rxe2 24. Nxd7 bxc4 25. Nxf6 exf6 26. Rxd6 Rxe4 27.
Rdxf6 Re7 28. b5 c3 29. R6f2 c2 30. Rc1 Rb7 31. Rfxc2 Rxc2 32. Rxc2 Rxb5 33. h3
Ra5 34. Kh2 Ra7 35. g3 f6 36. h4 Kh6 37. Rb2 g5 38. Kh3 Ra3 39. Rb6 gxh4 40.
Kxh4 Kg6 41. Rb4 Ra5 42. Rg4+ Kh6 43. Rb4 Kg6 44. Kh3 Rh5+ 45. Kg2 Ra5 46. Rb8
Ra2+ 47. Kh3 Ra5 48. Rg8+ Kf7 49. Rg4 Rh5+ 50. Kg2 Ra5 51. Rb4 Kg6 52. Kf3 Rf5+
53. Kg4 Rg5+ 54. Kh3 Rh5+ 55. Kg2 Ra5 1/2-1/2

[Event "Titled Tue 26th Aug Early"]
[Site "chess.com INT"]
[Date "2025.08.26"]
[Round "3"]
[White "Pechnikov, Artiom"]
[Black "Lotero, Faiber"]
[Result "1-0"]
[WhiteTitle "CM"]
[BlackTitle "FM"]
[WhiteElo "2014"]
[BlackElo "2127"]
[WhiteFideId "24104124"]
[BlackFideId "4404190"]
[EventDate "2025.08.26"]

1. e4 e5 2. Nf3 Nf6 3. d4 Nxe4 4. Bd3 Nc6 5. d5 Nc5 6. O-O e4 7. Re1 Ne7 8. Bxe4
Nxe4 9. Rxe4 d6 10. c4 Bf5 11. Re2 Qd7 12. Nc3 h6 13. Nd4 O-O-O 14. Be3 a6 15.
b4 g5 16. b5 a5 17. b6 cxb6 18. Qb3 Kb8 19. Rb2 Nc8 20. Na4 Bg7 21. Nxb6 Nxb6
22. Qxb6 Qc7 23. Qb3 Rc8 24. Nxf5 Bxb2 25. Qxb2 Rhe8 26. Rb1 Re5 27. Nd4 Re7 28.
Nc6+ Ka8 29. Nxe7 Qxe7 30. Qb6 1-0

[Event "Titled Tue 26th Aug Early"]
[Site "chess.com INT"]
[Date "2025.08.26"]
[Round "3"]
[White "Swarna Nihal"]
[Black "Liu, Casper"]
[Result "0-1"]
[WhiteTitle "FM"]
[BlackTitle "FM"]
[WhiteElo "2366"]
[BlackElo "2361"]
[WhiteFideId "25683640"]
[BlackFideId "1454153"]
[EventDate "2025.08.26"]

1. d4 Nf6 2. c4 a6 3. g3 b5 4. Bg2 c6 5. b3 d5 6. Nf3 Bf5 7. O-O h6 8. Nc3 e6 9.
Bf4 Nbd7 10. Ne5 Nxe5 11. dxe5 Nd7 12. e4 dxe4 13. Nxe4 g5 14. Be3 Nxe5 15. Bd4
Bg7 16. f4 Qxd4+ 17. Qxd4 Nf3+ 18. Bxf3 Bxd4+ 19. Kg2 g4 20. Nd6+ Kd7 21. Rad1
gxf3+ 22. Kxf3 c5 23. Nxf5 exf5 24. Rfe1 Rae8 25. g4 fxg4+ 26. Kxg4 Rxe1 27.
Rxe1 Re8 28. Rf1 Re2 29. h4 Rxa2 30. Kh5 Rh2 31. Kxh6 Rxh4+ 32. Kg5 Rh3 33. Rb1
Ke6 34. Re1+ Re3 35. Rh1 Rg3+ 36. Kh4 Rg8 37. Re1+ Kf5 38. Rd1 Rg4+ 39. Kh3 Rxf4
40. cxb5 axb5 41. Re1 Rf3+ 42. Kg2 Rxb3 43. Rf1+ Ke6 44. Re1+ Re3 45. Rh1 b4 46.
Rh6+ Kd5 47. Rh7 b3 48. Rxf7 b2 49. Rb7 Re1 50. Kf3 b1=Q 51. Rxb1 Rxb1 52. Kf4
Rf1+ 53. Kg4 Ke4 54. Kg5 Rg1+ 55. Kh5 Be3 56. Kh4 c4 57. Kh3 Kf3 58. Kh4 Rh1# 0-1

[Event "Titled Tue 26th Aug Early"]
[Site "chess.com INT"]
[Date "2025.08.26"]
[Round "3"]
[White "Keneshbekov, Elim"]
[Black "Moskvin, Anatoly"]
[Result "0-1"]
[WhiteTitle "CM"]
[BlackTitle "CM"]
[WhiteElo "1891"]
[BlackElo "2192"]
[WhiteFideId "13816772"]
[BlackFideId "24199990"]
[EventDate "2025.08.26"]

1. e4 e5 2. Nf3 Nc6 3. Bc4 Nf6 4. d3 Bc5 5. Nc3 h6 6. a3 d6 7. h3 Be6 8. Be3
Bxe3 9. fxe3 Bxc4 10. dxc4 O-O 11. g4 Nd7 12. Qe2 a6 13. O-O-O Nc5 14. h4 Rb8
15. h5 f6 16. Rdg1 Rf7 17. b4 Ne6 18. Nd5 Ne7 19. Nh4 Ng5 20. Nf5 Nc8 21. Qd3 b5
22. cxb5 axb5 23. Rd1 Ra8 24. Qxb5 Rxa3 25. Kb2 Ra7 26. Ra1 c5 27. Rxa7 Nxa7 28.
Qa6 Nxe4 29. Ra1 Qb8 30. Nde7+ Kh7 31. c3 cxb4 32. c4 Qc7 33. Qxa7 Qxc4 34. Rc1
Nc3 35. Rc2 Qe6 36. Qa8 Rf8 37. Qxf8 Qa2+ 38. Kc1 Qb1+ 39. Kd2 Qd1# 0-1

[Event "Titled Tue 26th Aug Early"]
[Site "chess.com INT"]
[Date "2025.08.26"]
[Round "3"]
[White "Atanasov, Anthony"]
[Black "Fontaine, Quentin"]
[Result "0-1"]
[WhiteTitle "IM"]
[BlackTitle "FM"]
[WhiteElo "2411"]
[BlackElo "2314"]
[WhiteFideId "2623897"]
[BlackFideId "230804"]
[EventDate "2025.08.26"]

1. d4 Nf6 2. Bf4 d6 3. e3 Nc6 4. Nf3 g6 5. Bb5 a6 6. Ba4 Bg7 7. O-O O-O 8. c3
Nd5 9. Bg3 Nb6 10. Bc2 e5 11. a4 Qe7 12. a5 Nd7 13. Nbd2 f5 14. Bh4 Nf6 15. Ba4
e4 16. Bxc6 bxc6 17. Ne1 h6 18. Bxf6 Qxf6 19. f3 Qg5 20. Qe2 d5 21. f4 Qe7 22.
c4 c5 23. Nc2 cxd4 24. exd4 c5 25. Nb3 cxd4 26. Nbxd4 Qc5 27. Rfd1 dxc4 28. Ra4
Be6 29. Kf1 Bf7 30. Qe3 Rfd8 31. Rd2 Rd5 32. Ra1 Rad8 33. Rad1 Qxa5 34. Nc6 Rxd2
35. Nxa5 Rxd1+ 36. Ke2 R8d3 37. Qc5 R1d2+ 38. Ke1 Rxc2 39. Nc6 Rdd2 40. Ne5 Rxg2
41. Kf1 Rxh2 42. Kg1 Rhd2 43. Qc8+ Kh7 44. Nxf7 Rd1# 0-1

[Event "Titled Tue 26th Aug Early"]
[Site "chess.com INT"]
[Date "2025.08.26"]
[Round "3"]
[White "Sovetbekova, Nurai"]
[Black "Poleg, Matan"]
[Result "1-0"]
[WhiteTitle "WFM"]
[BlackTitle "FM"]
[WhiteElo "2027"]
[BlackElo "2277"]
[WhiteFideId "13801910"]
[BlackFideId "2811472"]
[EventDate "2025.08.26"]

1. d4 Nf6 2. Nf3 d5 3. e3 e6 4. c4 Be7 5. Nc3 O-O 6. Bd3 dxc4 7. Bxc4 a6 8. O-O
b5 9. Bd3 Bb7 10. a3 c5 11. dxc5 Bxc5 12. e4 Nbd7 13. Bg5 h6 14. Bh4 Qb6 15. Qe2
Ng4 16. b4 Bd6 17. Rad1 Nde5 18. Nxe5 Nxe5 19. Bb1 Rac8 20. Qd2 Nc4 21. Qa2 Be5
22. Ne2 a5 23. h3 Ra8 24. Be7 axb4 25. Bxf8 Kxf8 26. Qb3 bxa3 27. Nc3 Bxc3 28.
Qxc3 a2 29. Bd3 Ra3 30. Qb4+ Qd6 31. Qxd6+ Nxd6 32. e5 Ne4 33. Bxb5 Nc3 34. Rd8+
Ke7 35. Re8# 1-0

[Event "Titled Tue 26th Aug Early"]
[Site "chess.com INT"]
[Date "2025.08.26"]
[Round "3"]
[White "Gavilan Diaz, Mario"]
[Black "Kulik, Nicolas"]
[Result "1-0"]
[WhiteTitle "FM"]
[WhiteElo "2195"]
[BlackElo "2111"]
[WhiteFideId "2260905"]
[BlackFideId "3009530"]
[EventDate "2025.08.26"]

1. d4 g6 2. c4 Bg7 3. Nf3 c5 4. d5 d6 5. e4 Nd7 6. Bd3 Ngf6 7. Nc3 O-O 8. O-O a6
9. a4 Re8 10. h3 e6 11. dxe6 Rxe6 12. Bf4 Ne5 13. Be2 Bd7 14. Qb3 Bc6 15. Rfd1
Nxf3+ 16. Bxf3 Ne8 17. Nd5 Bxd5 18. Rxd5 Nc7 19. Rd2 Rb8 20. Rad1 Ne8 21. Rd5
Bd4 22. e5 b5 23. axb5 axb5 24. cxb5 Qa5 25. exd6 Rxb5 26. Qa3 Qxa3 27. bxa3 Nf6
28. d7 Nxd7 29. Rxd7 Ra5 30. Bh6 Re8 31. Bd5 1-0

[Event "Titled Tue 26th Aug Early"]
[Site "chess.com INT"]
[Date "2025.08.26"]
[Round "3"]
[White "Kaufman, David"]
[Black "Maghsoodloo, Parham"]
[Result "0-1"]
[WhiteTitle "IM"]
[BlackTitle "GM"]
[WhiteElo "2447"]
[BlackElo "2695"]
[WhiteFideId "34220194"]
[BlackFideId "12539929"]
[EventDate "2025.08.26"]

1. d4 Nf6 2. c4 e6 3. Nf3 b6 4. g3 Ba6 5. b3 Be7 6. Bg2 d5 7. O-O Nbd7 8. Nc3
Rc8 9. cxd5 exd5 10. Ne5 c6 11. Bf4 O-O 12. Rc1 Re8 13. Re1 Nf8 14. e4 Ne6 15.
Be3 Bb4 16. Bd2 Nxd4 17. Nxd5 cxd5 18. Rxc8 Qxc8 19. Bxb4 Nc2 20. Bd6 Nxe1 21.
Qxe1 dxe4 22. Nc4 Bxc4 23. bxc4 Qxc4 24. h3 e3 25. fxe3 Qxa2 26. Qb4 Qa5 27. Qc4
Qe1+ 28. Kh2 Qxe3 29. Bf4 Qe6 30. Qc7 Qe7 31. Qc6 h6 32. g4 Qd7 33. Qc4 Rc8 34.
Qa2 a5 35. Be5 Qe6 36. Qb2 a4 0-1

[Event "Titled Tue 26th Aug Early"]
[Site "chess.com INT"]
[Date "2025.08.26"]
[Round "3"]
[White "Thet Naung"]
[Black "Puzyrevsky, Semyon"]
[Result "0-1"]
[WhiteTitle "FM"]
[BlackTitle "FM"]
[WhiteElo "2267"]
[BlackElo "2269"]
[WhiteFideId "13004093"]
[BlackFideId "24240931"]
[EventDate "2025.08.26"]

1. d4 Nf6 2. Nf3 e6 3. Bg5 d5 4. Nbd2 c5 5. e3 Nc6 6. c3 Be7 7. Bd3 O-O 8. O-O
h6 9. Bh4 b6 10. Re1 Bb7 11. h3 Ne4 12. Bxe7 Nxe7 13. Ne5 f6 14. Nef3 f5 15. Ne5
Nc6 16. Ndf3 Ne7 17. a4 a5 18. Nh4 Rf6 19. Nhf3 Ba6 20. Bxa6 Rxa6 21. Qe2 c4 22.
Nd2 g5 23. f3 Nxd2 24. Qxd2 Ng6 25. Nxg6 Rxg6 26. e4 fxe4 27. fxe4 Ra7 28. exd5
exd5 29. Re5 Rf7 30. Rae1 Kg7 31. Qe2 Rgf6 32. Qh5 Qd7 33. h4 gxh4 34. Qxh4 Qxa4
35. Re7 Qc2 36. Rxf7+ Rxf7 37. Re5 Qxb2 38. Qg4+ Kh7 39. Re6 Qc1+ 40. Kh2 Qg5
41. Qxg5 hxg5 42. Rxb6 Ra7 43. Rb2 a4 44. Ra2 a3 45. Kg3 Kg6 46. Kg4 Ra6 47. Kg3
Kf5 48. Kf3 g4+ 49. Ke3 Kg5 50. g3 Kf5 51. Rf2+ Kg6 52. Ra2 Kg5 53. Kf2 Kf5 54.
Ke3 Re6+ 55. Kd2 Ke4 56. Rxa3 Kf3 57. Ra5 Rd6 58. Ra8 Kxg3 59. Rf8 Kh2 60. Rh8+
Kg2 61. Ke3 g3 62. Rf8 Kh2 63. Kf3 g2 64. Rh8+ Kg1 65. Rg8 Kf1 0-1

[Event "Titled Tue 26th Aug Early"]
[Site "chess.com INT"]
[Date "2025.08.26"]
[Round "3"]
[White "Gibala, Adam"]
[Black "Araujo Filho, Luiz Antonio Coel"]
[Result "1-0"]
[WhiteTitle "FM"]
[WhiteElo "2300"]
[BlackElo "2077"]
[WhiteFideId "21070288"]
[BlackFideId "2130661"]
[EventDate "2025.08.26"]

1. c4 f5 2. Nc3 Nf6 3. Nf3 g6 4. d3 Bg7 5. e4 d6 6. Be2 O-O 7. O-O e5 8. b3 f4
9. Bb2 h6 10. d4 Nh7 11. Na4 Qe7 12. Qc1 Nd7 13. dxe5 Nxe5 14. Nxe5 Bxe5 15. Nc3
g5 16. Nd5 Qg7 17. Bxe5 dxe5 18. f3 c6 19. Nb4 g4 20. Nd3 Ng5 21. Qc3 gxf3 22.
Bxf3 Nxf3+ 23. Rxf3 Bg4 24. Rf2 Rae8 25. Kh1 Kh7 26. Ne1 Rd8 27. Nf3 Bxf3 28.
gxf3 Qd7 29. Qxe5 Rg8 30. Qxf4 Qd1+ 31. Rf1 Qe2 32. Qf5+ Kh8 33. Rg1 Rdf8 34.
Rxg8+ Rxg8 35. Rg1 Rxg1+ 36. Kxg1 Qe1+ 37. Kg2 Qe2+ 38. Kh3 Qf1+ 39. Kh4 Qf2+
40. Kh5 Qxh2+ 41. Kg6 Qg3+ 42. Kxh6 Qh4+ 43. Kg6 Qh7+ 44. Kg5 1-0

[Event "Titled Tue 26th Aug Early"]
[Site "chess.com INT"]
[Date "2025.08.26"]
[Round "3"]
[White "Lacan Rus, David"]
[Black "Liu, Zachary Hankun"]
[Result "0-1"]
[WhiteTitle "FM"]
[WhiteElo "2364"]
[BlackElo "1998"]
[WhiteFideId "651023075"]
[BlackFideId "2640287"]
[EventDate "2025.08.26"]

1. Nf3 d5 2. g3 g6 3. Bg2 Bg7 4. d4 Nf6 5. O-O O-O 6. b3 c6 7. Bb2 Bf5 8. Nbd2
Nbd7 9. c4 Re8 10. Nh4 Be6 11. Rc1 Rc8 12. e4 dxe4 13. Nxe4 Nxe4 14. Bxe4 c5 15.
Bxb7 Rb8 16. Bg2 Nb6 17. dxc5 Bxb2 18. cxb6 Qxb6 19. Rc2 Bd4 20. Nf3 Bc5 21. Ng5
Bf5 22. Be4 Rbd8 23. Qf3 Qf6 24. Bxf5 gxf5 25. Qh5 h6 26. Ne4 fxe4 27. Qxc5 Qg6
28. Qxa7 f5 29. Qe3 Rd3 30. Qc5 f4 31. Qe5 e3 32. Qxf4 e5 33. Qh4 Rd4 34. Qh3
Qxc2 0-1

[Event "Titled Tue 26th Aug Early"]
[Site "chess.com INT"]
[Date "2025.08.26"]
[Round "3"]
[White "Javakhadze, Zurab"]
[Black "Bluebaum, Matthias"]
[Result "0-1"]
[WhiteTitle "IM"]
[BlackTitle "GM"]
[WhiteElo "2417"]
[BlackElo "2660"]
[WhiteFideId "13603647"]
[BlackFideId "24651516"]
[EventDate "2025.08.26"]

1. Nf3 d5 2. g3 e6 3. Bg2 Nf6 4. O-O Bd6 5. d3 O-O 6. Nc3 e5 7. e4 d4 8. Ne2 c5
9. h3 Nc6 10. Nh2 Ne8 11. f4 exf4 12. gxf4 f5 13. e5 Be7 14. c4 Nc7 15. Nf3 h6
16. Kh2 Be6 17. Rg1 Qd7 18. Bh1 Kh7 19. Bd2 g6 20. Qe1 Rg8 21. Qf2 Rg7 22. Rg3
b5 23. b3 bxc4 24. bxc4 Rb8 25. Rag1 Rb2 26. Qg2 Bf7 27. h4 h5 28. Bc1 Rxa2 29.
Ng5+ Bxg5 30. Rxg5 Ne6 31. Rg3 Be8 32. Kh3 Qd8 33. Qf3 Nb4 34. Qf1 a5 35. Bf3 a4
36. R1g2 a3 37. Bxh5 gxh5 38. Rxg7+ Nxg7 39. Qg1 Qe7 0-1